| 000 | 01128 am a2200313ua 4500 | ||
|---|---|---|---|
| 999 |
_c28688 _d28659 |
||
| 001 | 010697306 | ||
| 003 | EG-ScBUE | ||
| 005 | 20200908123531.0 | ||
| 008 | 011217s1998 enk f b 001 0 eng d | ||
| 020 |
_a0582286999 (pbk) : _cNo price |
||
| 035 | _a(UkCU)c899669453 | ||
| 040 |
_aUkCU _beng _erda _cEG-ScBUE _dUk _dEG-ScBUE |
||
| 082 | 0 | 4 |
_a337.142 _bADA _222 |
| 245 | 0 | 0 |
_aAdapting to European integration : _bsmall states and the European Union / _cedited by Kenneth Hanf and Ben Soetendorp. |
| 264 | 1 |
_aHarlow, England ; _aNew York : _bAddison Wesley Longman Limited, _c1998. |
|
| 300 |
_axv, 202 pages ; _c23 cm |
||
| 336 |
_atext _2rdacontent _btxt |
||
| 337 |
_aunmediated _2rdamedia _bn |
||
| 338 |
_avolume _2rdacarrier _bnc |
||
| 504 | _aIncludes bibliographical references and index. | ||
| 610 | 7 |
_aEuropean Union. _2BUEsh |
|
| 651 | 7 |
_aEurope _xEconomic integration. _2BUEsh |
|
| 651 | 7 |
_aEuropean Union countries _xPolitics and government. _2BUEsh |
|
| 653 |
_bGGEN _cAugust2020 |
||
| 655 |
_vReading book _934232 |
||
| 700 | 1 |
_aHanf, Kenneth, _eeditor. |
|
| 700 | 1 |
_aSoetendorp, R. B., _eeditor. |
|
| 942 |
_2ddc _cBB |
||